000 00347 a2200157 4500
001 75836
020 _a9788581841472
040 _cAnchieta - Colégio São Paulo
100 _aMaar, Anne
240 1 0 _aA mudança de Hugo
_lpor
245 1 0 _aA mudança de Hugo
300 _a42
362 0 _a2018
650 4 _aLiteratura infantil
942 _cBK
999 _c75836
_d75836